Catálogo
 En Linea

El furor y el delirio : (Registro nro. 34096)

Detalles MARC
000 -CABECERA
campo de control de longitud fija 00667nam a2200205 a 4500
001 - NÚMERO DE CONTROL
campo de control 000034605
005 - FECHA Y HORA DE LA ÚLTIMA TRANSACCIÓN
campo de control 20200930073807.0
008 - DATOS DE LONGITUD FIJA--INFORMACIÓN GENERAL
campo de control de longitud fija 111010s1999 mx 001 0 spa d
020 ## - NÚMERO INTERNACIONAL ESTÁNDAR DEL LIBRO
Número Internacional Estándar del Libro 848310886
040 ## - FUENTE DE LA CATALOGACIÓN
Centro catalogador/agencia de origen DO-SdBNP
Lengua de catalogación spa
Centro/agencia transcriptor BNPHU
082 ## - NÚMERO DE LA CLASIFICACIÓN DECIMAL DEWEY
Número de clasificación xxxx
Número de documento/Ítem M396
100 1# - ENTRADA PRINCIPAL--NOMBRE DE PERSONA
Nombre de persona Masetti, Jorge,
Fechas asociadas al nombre 1955-
9 (RLIN) 60044
245 13 - MENCIÓN DE TÍTULO
Título El furor y el delirio :
Resto del título itinerario de un Hijo de la Revolución cubana /
Mención de responsabilidad, etc. Jorge Masetti ; Elizabeth Burgos.
260 ## - PUBLICACIÓN, DISTRIBUCIÓN, ETC.
Lugar de publicación, distribución, etc. España :
Nombre del editor, distribuidor, etc. Tus Quets Editores,
Fecha de publicación, distribución, etc. 1999.
300 ## - DESCRIPCIÓN FÍSICA
Extensión 298 p. ;
Dimensiones 22 cm.
490 1# - MENCIÓN DE SERIE
Mención de serie Andanza;
Designación de volumen o secuencia 363
500 ## - NOTA GENERAL
Nota general Incluye índice onomástico
700 1# - PUNTO DE ACCESO ADICIONAL--NOMBRE DE PERSONA
Nombre de persona Burgos, Elizabeth
Término indicativo de función/relación pról.
9 (RLIN) 60045
830 #0 - PUNTO DE ACCESO ADICIONAL DE SERIE-TÍTULO UNIFORME
Título uniforme Andanza;
Designación de volumen o secuencia 363
9 (RLIN) 45981
Existencias
Estado de retiro Estado de pérdida Restricciones de uso No para préstamo Código de colección Localización permanente Ubicación/localización actual Ubicación en estantería Fecha de adquisición Número de inventario Total de préstamos Signatura topográfica completa Código de barras Fecha visto por última vez Precio válido a partir de Tipo de ítem Koha
      Excluido de préstamo Monografías: Libros y Folletos General General En catalogación 10.10.2011 LF1   xxxx M396 34605-10 25.06.2020 25.06.2020 No se presta

Con tecnología Koha